Proces vzdelávania a rozvoja pracovníkov v spoločnosti SEWS Slovakia, s.r.o. diplomová práca

Gespeichert in:
Bibliographische Detailangaben
1. Verfasser: Grznárová, Jana
Körperschaft: Obchodná fakulta EU. Katedra marketingu
Weitere Verfasser: Matušovičová, Monika, 1967-
Format: Buch
Sprache:Slowakisch
Veröffentlicht: Bratislava 2010
Tags: Tag hinzufügen
Keine Tags, Fügen Sie das erste Tag hinzu!

MARC

LEADER 00000nam$a2200000$$$4500
001 0121533
005 20240318123249.8
041 0 |a slo 
044 |a SK 
245 1 0 |a Proces vzdelávania a rozvoja pracovníkov v spoločnosti SEWS Slovakia, s.r.o.  |b diplomová práca  |c Jana Grznárová ; škol. Monika Matušovičová 
264 1 |a Bratislava  |c 2010 
300 |a 80 s. 
100 1 |a Grznárová, Jana 
700 1 |a Matušovičová, Monika, 1967- 
710 2 |a Obchodná fakulta EU. Katedra marketingu